| 000 | 00000nam##2200000za#4500 |
| 001 | 9.566770 |
| 003 | CaOODSP |
| 005 | 20250129103331 |
| 007 | cr ||||||||||| |
| 008 | 150406|2007||||xxc|||||o f|0| 0 eng|d |
| 040 | |aCaOODSP|beng |
| 043 | |an-cn--- |
| 086 | 1 |aEn57-36/2007-1E-PDF |
| 110 | 2 |aMeteorological Service of Canada. |
| 245 | 10|aAtmospheric hazards : |h[electronic resource]|bextreme wind gust climatology in Atlantic Canada, 1955-2000 / |c[by] W.G. Richards and Yahya Abuamer. |
| 260 | |aFredericton - Connecticut : |bEnvironment Canada. |cFebruary 2007. |
| 300 | |a55p.|bfigs., graphs, maps, references, tables |
| 490 | 1 |aScience report series|v2007-01 |
| 590 | |a10-10-Supp|b2010-11-09 |
| 690 | 07|aNatural hazards|2gcpds |
| 690 | 07|aWind|2gcpds |
| 720 | 1 |aRichards, W. G. |
| 720 | 1 |aAbuamer, Yahya |
| 830 | #0|aScience report series (Meteorological Service of Canada. Atlantic Region)|v2007-01|w(CaOODSP)9.505618 |
| 856 | 40|ahttp://publications.gc.ca|qPDF|s877 KB|uhttps://publications.gc.ca/collections/collection_2009/ec/En57-36-2007-1E.pdf|y2007-01 |